| 000 | 00622nam a22001937a 4500 | ||
|---|---|---|---|
| 999 |
_c171332 _d171332 |
||
| 005 | 20200110120921.0 | ||
| 010 | _aENG-127342 | ||
| 020 |
_a9789353164638 _c895.00 |
||
| 035 | _aEN-110873 | ||
| 037 | _bDBAD/PUB | ||
| 082 | _a332 | ||
| 100 | _aSaunders,Anthony | ||
| 245 |
_aFinancial markets and institutions/ _cby Anthony Saunders[and] Marcia Millon Cornett |
||
| 260 |
_aChennai _bMcGraw Hill Education _c2018 |
||
| 270 |
_a444/1,Sri Ekambara Naicker Industrial Estate,Alapakkam,Porur _bChennai _e600116 |
||
| 300 |
_a744p. _c28cm(pbk) |
||
| 500 | _aincludes index. | ||
| 942 |
_2ddc _cEN _h332 _mSAU |
||